000 00391nam a2200169Ia 4500
008 230524s9999 xx 000 0 und d
020 _a9789332901537
082 _a526.9
_bBAS
100 _aN N Basak
245 0 _aSurveying & Levelling
250 _a2
260 _aNew Delhi
_bMGH
_c2015
300 _a"xiii,577p;"
500 _aQuantity Number: 75
650 _acivil
942 _cBK
999 _c56036
_d56036